| Поле | Инд. | ПП | Название | Значение |
|---|---|---|---|---|
| Тип записи | a | |||
| Библиографический уровень | b | |||
| 001 | Контрольный номер | RU/IS/BASE/235235178 | ||
| 005 | Дата корректировки | 20200617012609.3 | ||
| 008 | Кодируемые данные | 20070615 | ||
| 040 | b | Код языка каталог. | rus | |
| e | Правила каталог. | PSBO | ||
| 041 | 0_ | a | Код языка текста | rus |
| 084 | a | Индекс другой классификации/Индекс ББК | 63.3(2)531-68 | |
| 100 | 1_ | a | Автор | Сахаров А. Н. |
| q | Полное имя | Сахаров Андрей Николаевич | ||
| 245 | 10 | a | Заглавие | Размышления о русско-японской войне 1904-1905 годов |
| 520 | a | Аннотация | "Благодаря стараниям японцев война осталась незаконченной, она была прекращена по существу в самый разгар, когда все преимущества России лишь начали проявляться." | |
| 650 | a | Основная рубрика | внешняя политика | |
| a | Основная рубрика | история | ||
| a | Основная рубрика | международные отношения | ||
| 653 | 1_ | a | Ключевые слова | XX век |
| a | Ключевые слова | военные действия | ||
| a | Ключевые слова | войны | ||
| a | Ключевые слова | Дальний Восток | ||
| a | Ключевые слова | дипломатические отношения | ||
| a | Ключевые слова | Мукденское сражение | ||
| a | Ключевые слова | Россия | ||
| a | Ключевые слова | русско-японская война 1904-1905 | ||
| a | Ключевые слова | флот | ||
| a | Ключевые слова | Цусимское сражение 1905 | ||
| a | Ключевые слова | Япония | ||
| 773 | 0_ | t | Заглавие источника | Вопросы истории |
| d | Дата издания источника | 2007 | ||
| g | Прочая информация | № 4. - С. 3 - 15 | ||
| w | Контрольный № источника | RU/IS/BASE/230139150 | ||
| 901 | t | Тип документа | b |